| 000 | 00638nam a2200217 a 4500 | ||
|---|---|---|---|
| 999 |
_c5085 _d5085 |
||
| 001 | 5085 | ||
| 003 | BD-JhCC | ||
| 005 | 20171207194957.0 | ||
| 008 | 171207s1951 bg |||| || | 000 0 ben d | ||
| 035 | _a(BD-JhCC)5085 | ||
| 040 |
_aBD-JhCC _dBD-JhCC |
||
| 041 | _aben | ||
| 082 |
_a891.4415 _bISL 1951 |
||
| 100 | _aইসলাম, কাজী নজরুল | ||
| 245 |
_aনতুন চাঁদ / _cকাজী নজরুল ইসলাম, |
||
| 260 |
_aঢাকা : _bখোশরোজ কিতাব মহল, _c1951. |
||
| 300 |
_a72 p. : _c18 cm. |
||
| 650 | _aBengali Poem | ||
| 942 |
_2ddc _cBK |
||